<?xml version="1.0" encoding="UTF-8"?>
<collection xmlns="http://www.loc.gov/MARC21/slim">
  <record>
    <leader>00000nam  2200000   4500</leader>
    <controlfield tag="001">INLIS000000000000161</controlfield>
    <controlfield tag="005">20190426023456</controlfield>
    <datafield tag="035" ind1="#" ind2="#">
      <subfield code="a">0010-0718000161</subfield>
    </datafield>
    <controlfield tag="008">190426################g##########0#ind##</controlfield>
    <datafield tag="020" ind1="#" ind2="#">
      <subfield code="a">9789797098049</subfield>
    </datafield>
    <datafield tag="041" ind1=" " ind2=" ">
      <subfield code="a">id</subfield>
    </datafield>
    <datafield tag="082" ind1="#" ind2="#">
      <subfield code="a">300</subfield>
    </datafield>
    <datafield tag="090" ind1=" " ind2=" ">
      <subfield code="a">320.5p Sul c</subfield>
    </datafield>
    <datafield tag="100" ind1=" " ind2="#">
      <subfield code="a">Sulastomo</subfield>
    </datafield>
    <datafield tag="245" ind1="1" ind2="#">
      <subfield code="a">Cita cita negara pancasila /</subfield>
      <subfield code="c">Sulastomo</subfield>
    </datafield>
    <datafield tag="250" ind1="#" ind2="#">
      <subfield code="a">Cet.1</subfield>
    </datafield>
    <datafield tag="260" ind1="#" ind2="#">
      <subfield code="a">Jakarta :</subfield>
      <subfield code="b">Kompas Media,</subfield>
      <subfield code="c">2014</subfield>
    </datafield>
    <datafield tag="300" ind1="#" ind2="#">
      <subfield code="a">vv, 176 hlm. ;</subfield>
      <subfield code="c">19 cm</subfield>
    </datafield>
    <datafield tag="084" ind1="#" ind2="#">
      <subfield code="a">300 Sul c</subfield>
    </datafield>
    <datafield tag="520" ind1="#" ind2="#">
      <subfield code="a">Setelah lebih dari 30 tahun terus didengung-dengungkan, dipolitisasi dalam rangka melestarikan kekuasaan Orde Baru, Pancasila kini seperti makanan basi. Kejenuhan pada Pancasila membuatnya kian jarang diwacanakan, apalagi dikaji dengan mendalam. Sejak awal era reformasi, makin banyak yang tak menyadari, bagaimanapun Pancasila adalah dasar negara yang menjadi sumber inspirasi jati diri bangsa Indonesia. Tanpa pancasila, negara dan bangsa ini ibarat kapal tanpa kompas yang tengah berlayar disamudra luas tanpa tujuan jelas. Sulastomo mengingatkan kembali arti dan peran Pancasila yang tak tergantikan. Buku ini menghidupkan lagi wacana tentang bagaimana Pancasila seharusnya diamalkan dan dijadikan rujukan dalam kehidupan berbangsa dan bernegara. Eksponen Angkatan '66 ini merupakan salah seorang  darii segelintir anak bangsa yang risau bahwa generasi penerus bakal benar-benar melupakan semangat Pancasila dan UUD 1945.</subfield>
    </datafield>
    <datafield tag="856" ind1="#" ind2="#">
      <subfield code="a">Perpustakaan Lembaga Administrasi Negara</subfield>
    </datafield>
    <datafield tag="651" ind1=" " ind2="#">
      <subfield code="a">Politik - Pancasila</subfield>
    </datafield>
    <datafield tag="990" ind1="#" ind2="#">
      <subfield code="a">141217116</subfield>
    </datafield>
    <datafield tag="990" ind1="#" ind2="#">
      <subfield code="a">141217116</subfield>
    </datafield>
    <datafield tag="990" ind1="#" ind2="#">
      <subfield code="a">141217116</subfield>
    </datafield>
    <datafield tag="990" ind1="#" ind2="#">
      <subfield code="a">141217116</subfield>
    </datafield>
  </record>
</collection>
